Ploutarchou Apospasmata kai Pseylepinpapha (Record no. 162299)

MARC details
000 -LEADER
campo de control de longitud fija 00894nam a2200217 i 4500
001 - NÚMERO DE CONTROL
campo de control 162299
003 - IDENTIFICADOR DE NÚMERO DE CONTROL
campo de control ES-MaACL
005 - FECHA Y HORA DE LA ÚLTIMA TRANSACCIÓN
campo de control 20250725063223.0
008 - DATOS DE LONGITUD FIJA--INFORMACIÓN GENERAL
campo de control de longitud fija 980107s1855 fr |||| | latod
040 ## - FUENTE DE CATALOGACIÓN
Centro catalogador/agencia de origen NA
Lengua de catalogación spa
Centro/agencia transcriptor NA
100 0# - ENTRADA PRINCIPAL--NOMBRE DE PERSONA
Nombre de persona Plutarco
9 (RLIN) 92678
245 10 - MENCIÓN DEL TÍTULO
Título Ploutarchou Apospasmata kai Pseylepinpapha
Resto del título : = Plutarchi Fragmenta et Spuria /
Mención de responsabilidad, etc. cum codicibus contulit et emendavit Fr. Dübner ; cum novo indice nominum et rerum in omnia opera Plutarchi.
260 ## - PUBLICACIÓN, DISTRIBUCIÓN, ETC.
Lugar de publicación, distribución, etc. Parisiis :
Nombre del editor, distribuidor, etc. editore Ambrosio Firmin Didot,
Fecha de publicación, distribución, etc. 1855 (
Fabricante excudebant Firmin Didot Fratres)
300 ## - DESCRIPCIÓN FÍSICA
Extensión XIV, 424 p. ;
Dimensiones 26 cm.
594 ## - Nota al título y mención de responsabilidad
Nota al título y mención de responsabilidad Texto paralelo griego-latín.
700 1# - ENTRADA AGREGADA--NOMBRE PERSONAL
Nombre de persona Dübner, Friedrich (
Fechas asociadas al nombre 1802-1867)
9 (RLIN) 149228
740 01 - ENTRADA AGREGADA--TÍTULO RELACIONADO/ANALÍTICO NO CONTROLADO
Título relacionado o analítico no controlado Fragmenta et Spuria.
852 ## - LOCALIZACIÓN
Ubicación ES-MaACL
Número de control de estantería B-2490
Nota libre -- Enc. hol.
Encuadernación -- Edic.: Añadir t440: (Plutarchi Operum; 5)
Holdings
Estatus retirado Estado de pérdida Estado de daño No para préstamo Colección Biblioteca de origen Biblioteca actual Ubicación en estantería Fecha de adquisición Fuente de adquisición Total de préstamos Signatura topográfica completa Código de barras Visto por última vez Precio de reemplazo Tipo de ítem Koha
        Libros del s. XIX Biblioteca del Ateneo de Madrid Biblioteca del Ateneo de Madrid Sala Pardo Bazán 17/01/2008     B-2490 1170032 23/02/2023 23/02/2023 Libro impreso antiguo